| 000 | 00596nam a2200205 a 4500 | ||
|---|---|---|---|
| 005 | 20240925064115.0 | ||
| 008 | 991125s1978 es 000 0 spa u | ||
| 020 | _a8432993115 | ||
| 035 | _aUPN01000010782 | ||
| 049 | _aCG | ||
| 050 | 4 |
_aBF722 _bC6.2 |
|
| 100 | 1 |
_aColl, César, _d1950- _930885 |
|
| 245 | 1 | 3 |
_aLa conducta experimental en el niño / _cCésar Coll. |
| 260 |
_aBarcelona [Esp.] : _bCEAC, _c1978. |
||
| 300 |
_a249 p. : _bil. |
||
| 440 | 0 |
_aEducación y enseñanza. _pMonografías |
|
| 650 | 4 |
_aConducta (Psicología) _94460 |
|
| 650 | 4 |
_aNiño, Estudio del _9221 |
|
| 905 | _aLibro | ||
| 999 |
_c10782 _d10782 |
||